| 000 | 01051pam a2200301 a 4500 | ||
|---|---|---|---|
| 001 | 2068143 | ||
| 003 | NUST - PNEC | ||
| 005 | 20170116180852.0 | ||
| 008 | 940525s1995 nyua b 001 0 eng | ||
| 010 | _a 94013119 | ||
| 020 | _a0442015208 | ||
| 040 |
_aDLC _cLIBRARY _dDLC |
||
| 050 | 0 | 0 |
_aRB36.2 _b.L33 1995 |
| 082 | 0 | 0 | _a616.0754 HAY |
| 100 |
_95737 _aHaven, Mary C. |
||
| 245 | 0 | 0 |
_aLaboratory instrumentation / _cedited by Mary C. Haven, Gregory A. Tetrault, Jerald R. Schenken. |
| 250 | _a4th ed. | ||
| 260 |
_aNew York : _bVan Nostrand Reinhold, _cc1995. |
||
| 300 |
_axix, 492 p. : _bill. ; _c25 cm. |
||
| 504 | _aIncludes bibliographical references and index. | ||
| 650 | 0 |
_aMedical laboratories _xEquipment and supplies. _xGeneral |
|
| 700 | 1 | _aHaven, Mary C. | |
| 700 | 1 | _aTetrault, Gregory A. | |
| 700 | 1 | _aSchenken, Jerald R. | |
| 906 |
_a7 _bcbc _corignew _d1 _eocip _f19 _gy-gencatlg |
||
| 942 |
_2ddc _cBK |
||
| 999 |
_c64644 _d64644 |
||